| 000 | 00822cam a2200253 a 4500 | ||
|---|---|---|---|
| 001 | 132 | ||
| 003 | BR-CuiBMT | ||
| 005 | 20231116050123.0 | ||
| 008 | 230818s2023 mgba 000 0 por d | ||
| 020 | _a9786555184761 | ||
| 040 |
_aBR-CuiBMT _cBR-CuiBMT |
||
| 080 |
_22007 _a351.9 _x(094.5) |
||
| 090 |
_a351.9(094.5) _bH468c _c3. ed. |
||
| 100 | 1 | _aHeinen, Juliano | |
| 245 | 1 | 0 |
_aComentários à lei de acesso à informação : _bLei nº 12.527/2011 / _cJuliano Heinen. |
| 250 | _a3. ed., rev. e atual. | ||
| 260 |
_aBelo Horizonte : _bFórum, _c2023. |
||
| 300 |
_a409 p. : _bil. ; _c22 cm |
||
| 504 | _aInclui bibliografia. | ||
| 650 | _aLei de acesso à informação | ||
| 650 |
_aInformações governamentais _xControle de acesso _zBrasil |
||
| 650 |
_aAcesso à informação _vLegislação _zBrasil |
||
| 942 |
_2udc _cLV |
||
| 999 |
_c132 _d132 |
||